|
|
|
|
| LEADER |
01628cas a2200241 a 4500 |
| 001 |
AALejournalIMF005773 |
| 008 |
230101c9999 xx r poo 0 0eng d |
| 020 |
|
|
|c 5.00 USD
|
| 020 |
|
|
|z 9781451872446
|
| 022 |
|
|
|a 1018-5941
|
| 040 |
|
|
|a BD-DhAAL
|c BD-DhAAL
|
| 100 |
1 |
|
|a Sommer, Martin.
|
| 245 |
1 |
0 |
|a Why Are Japanese Wages So Sluggish? /
|c Martin Sommer.
|
| 264 |
|
1 |
|a Washington, D.C. :
|b International Monetary Fund,
|c 2009.
|
| 300 |
|
|
|a 1 online resource (21 pages)
|
| 490 |
1 |
|
|a IMF Working Papers
|
| 500 |
|
|
|a <strong>Off-Campus Access:</strong> No User ID or Password Required
|
| 500 |
|
|
|a <strong>On-Campus Access:</strong> No User ID or Password Required
|
| 506 |
|
|
|a Electronic access restricted to authorized BRAC University faculty, staff and students
|
| 520 |
3 |
|
|a Over the past decade, productivity-adjusted wages have grown at a slower pace in Japan than in other rich countries. This paper suggests that Japan's dualities between regular and "nonregular" labor market contracts and the relatively inefficient services sector have exacerbated the negative impact of globalization and technical change on the labor income share felt in all advanced economies. Reforms aimed at increasing productivity in services and reducing gaps in employment protection and benefits between regular and nonregular workers could help put Japan's wages on an upward trajectory in the medium term.
|
| 538 |
|
|
|a Mode of access: Internet
|
| 830 |
|
0 |
|a IMF Working Papers; Working Paper ;
|v No. 2009/097
|
| 856 |
4 |
0 |
|z Full text available on IMF
|u http://elibrary.imf.org/view/journals/001/2009/097/001.2009.issue-097-en.xml
|z IMF e-Library
|